[Event "Irkutsk Urbanovich Memorial"]
[Site "Irkutsk"]
[Date "2010.03.28"]
[Round "15"]
[White "Drapeza, Sergey"]
[Black "Sorokovikov, Vasily"]
[Result "1-0"]
[WhiteElo "1681"]
[BlackElo "1837"]
[PlyCount "65"]
[EventDate "2010.03.14"]
[EventType "tourn"]
[EventRounds "15"]
[EventCountry "RUS"]
[SourceTitle "EXT 2023"]
[Source "ChessBase"]
[SourceDate "2022.10.05"]
[SourceVersion "1"]
[SourceVersionDate "2022.10.05"]
[SourceQuality "1"]

1. e4 g6 2. d4 Bg7 3. f4 d6 4. Be3 Nf6 5. Nc3 0-0 6. h3 e6 7. Nf3 Nbd7 8. Qd2 a6 9. 0-0-0 b5 10. g4 Bb7 11. Bd3 Nb6 12. g5 Nh5 13. Rhg1 Nc4 14. Bxc4 bxc4 15. d5 a5 16. Bd4 Ba6 17. Bxg7 Kxg7 18. Nd4 Qd7 19. Rdf1 Rab8 20. f5 e5 21. Nc6 Rb6 22. Rg4 Rxc6 23. dxc6 Qxc6 24. Qd5 Qb6 25. fxg6 hxg6 26. Kb1 Bc8 27. Rh4 Be6 28. Qd2 Rb8 29. Qc1 Qb4 30. Nd5 Qb7 31. Nf6 Nxf6 32. gxf6+ Kg8 33. Rh8+ 1-0

[Event "Irkutsk Urbanovich Memorial"]
[Site "Irkutsk"]
[Date "2010.03.27"]
[Round "14"]
[White "Khipkhenov, Igor"]
[Black "Drapeza, Sergey"]
[Result "1-0"]
[WhiteElo "2170"]
[BlackElo "1681"]
[PlyCount "103"]
[EventDate "2010.03.14"]
[EventType "tourn"]
[EventRounds "15"]
[EventCountry "RUS"]
[SourceTitle "EXT 2023"]
[Source "ChessBase"]
[SourceDate "2022.10.05"]
[SourceVersion "1"]
[SourceVersionDate "2022.10.05"]
[SourceQuality "1"]

1. c4 Nf6 2. Nc3 e6 3. d4 Bb4 4. Nf3 b6 5. Bg5 h6 6. Bh4 g5 7. Bg3 Ne4 8. Qc2 Bb7 9. e3 Nxg3 10. hxg3 Qf6 11. Bd3 Nc6 12. 0-0-0 0-0-0 13. Ne4 Qg7 14. d5 exd5 15. cxd5 Ne5 16. d6 Nxd3+ 17. Rxd3 c5 18. Rb3 Kb8 19. g4 Bd5 20. a3 Bxb3 21. Qxb3 Ba5 22. Kb1 Rc8 23. Rc1 Qg6 24. Qd5 Qe6 25. Qd3 Rhe8 26. Ng3 Rc6 27. Nf5 Qe4 28. Rd1 Qxd3+ 29. Rxd3 Re6 30. Rd5 Kb7 31. Ne5 Be1 32. f3 Rc8 33. Nxd7 Kc6 34. Ne7+ Rxe7 35. dxe7 Kxd5 36. Nf6+ Kc4 37. Kc2 Bf2 38. e4 Kd4 39. Kd2 c4 40. e8Q Rxe8 41. Nxe8 Be3+ 42. Ke2 b5 43. Nd6 Bf4 44. Nxb5+ Kc5 45. Nxa7 Kb6 46. Nc8+ Kc7 47. Ne7 Kb6 48. Nd5+ Ka5 49. Nxf4 gxf4 50. Kd2 Ka4 51. Kc3 Kb5 52. a4+ 1-0

[Event "Irkutsk Urbanovich Memorial"]
[Site "Irkutsk"]
[Date "2010.03.21"]
[Round "8"]
[White "Goryachkin, Alexander"]
[Black "Drapeza, Sergey"]
[Result "1-0"]
[WhiteElo "2124"]
[BlackElo "1681"]
[PlyCount "73"]
[EventDate "2010.03.14"]
[EventType "tourn"]
[EventRounds "15"]
[EventCountry "RUS"]
[SourceTitle "EXT 2023"]
[Source "ChessBase"]
[SourceDate "2022.10.05"]
[SourceVersion "1"]
[SourceVersionDate "2022.10.05"]
[SourceQuality "1"]

1. d4 Nf6 2. c4 e6 3. Nf3 b6 4. g3 Bb7 5. Bg2 Bb4+ 6. Bd2 a5 7. 0-0 0-0 8. Nc3 Ne4 9. Nxe4 Bxe4 10. Bf4 d5 11. c5 a4 12. a3 Ba5 13. Qxa4 bxc5 14. b4 c4 15. bxa5 Nd7 16. Ne5 Bxg2 17. Kxg2 Nxe5 18. Bxe5 c6 19. Qxc6 Qxa5 20. Qc5 Qd2 21. Rfe1 Rfc8 22. Qb4 Qg5 23. a4 h5 24. h4 Qf5 25. Qb1 Qh7 26. Qxh7+ Kxh7 27. a5 c3 28. a6 c2 29. a7 c1Q 30. Rexc1 Rxc1 31. Rxc1 Rxa7 32. Rc7 Rxc7 33. Bxc7 f5 34. Kf3 Kg8 35. Kf4 Kf7 36. Bd8 Ke8 37. Bg5 1-0

[Event "Irkutsk Urbanovich Memorial"]
[Site "Irkutsk"]
[Date "2010.03.16"]
[Round "3"]
[White "Usov, Alexander"]
[Black "Drapeza, Sergey"]
[Result "0-1"]
[WhiteElo "1701"]
[BlackElo "1681"]
[PlyCount "64"]
[EventDate "2010.03.14"]
[EventType "tourn"]
[EventRounds "15"]
[EventCountry "RUS"]
[SourceTitle "EXT 2023"]
[Source "ChessBase"]
[SourceDate "2022.10.05"]
[SourceVersion "1"]
[SourceVersionDate "2022.10.05"]
[SourceQuality "1"]

1. e4 e5 2. Nf3 d5 3. exd5 e4 4. Qe2 Nf6 5. d3 Qxd5 6. Nc3 Bb4 7. Bd2 Bxc3 8. Bxc3 0-0 9. Bxf6 exf3 10. Qe5 Qxe5+ 11. Bxe5 Re8 12. gxf3 Rxe5+ 13. Kd2 Bf5 14. Bg2 c6 15. f4 Re7 16. Rhe1 Rxe1 17. Rxe1 Kf8 18. b4 a6 19. a4 Nd7 20. b5 axb5 21. axb5 Rc8 22. Rb1 g6 23. Rb3 Nf6 24. bxc6 bxc6 25. c4 Rc7 26. Rb6 Bd7 27. h3 Kg7 28. Ke3 c5 29. d4 cxd4+ 30. Kxd4 Nh5 31. Ke3 Rxc4 32. Bd5 Rxf4 0-1

[Event "Dimitrovgrad-ch"]
[Site "Dimitrovgrad"]
[Date "2009.??.??"]
[Round "5"]
[White "Tolmacheva, Eva"]
[Black "Drapeza, Sergey"]
[Result "1-0"]
[WhiteElo "1930"]
[BlackElo "1705"]
[PlyCount "63"]
[EventDate "2009.08.??"]
[EventType "swiss"]
[EventRounds "9"]
[EventCountry "RUS"]
[SourceTitle "EXT 2012"]
[Source "ChessBase"]
[SourceDate "2011.11.24"]
[SourceVersion "1"]
[SourceVersionDate "2011.11.24"]
[SourceQuality "1"]

1. b4 e5 2. Bb2 Bxb4 3. Bxe5 Nf6 4. Nf3 Nc6 5. Bb2 0-0 6. c3 Be7 7. d4 d5 8. e3 Re8 9. Be2 Bg4 10. 0-0 Bxf3 11. Bxf3 Bd6 12. Nd2 Ne4 13. Rc1 Re6 14. g3 Qg5 15. c4 Rae8 16. Bxe4 dxe4 17. d5 Rh6 18. dxc6 Rh3 19. Kg2 Qh6 20. Rh1 f5 21. c5 Bf8 22. Qb3+ Kh8 23. Qf7 Qh5 24. Qxh5 Rxh5 25. cxb7 Kg8 26. c6 g5 27. Nc4 Bg7 28. Ne5 f4 29. Bd4 fxe3 30. fxe3 g4 31. Nd7 Bxd4 32. exd4 1-0

[Event "Irkutsk-ch Rating sf"]
[Site "Irkutsk"]
[Date "2008.05.06"]
[Round "1"]
[White "Drapeza, Sergey"]
[Black "Kopylov, Oleg"]
[Result "1/2-1/2"]
[WhiteElo "1720"]
[BlackElo "1998"]
[PlyCount "114"]
[EventDate "2008.05.06"]
[EventType "tourn"]
[EventRounds "15"]
[EventCountry "RUS"]
[SourceTitle "EXT 2022"]
[Source "ChessBase"]
[SourceDate "2021.10.06"]
[SourceVersion "1"]
[SourceVersionDate "2021.10.06"]
[SourceQuality "1"]

1. e4 c5 2. Nf3 d6 3. Bb5+ Bd7 4. Bxd7+ Qxd7 5. c4 Nc6 6. Nc3 Nf6 7. 0-0 g6 8. d3 Bg7 9. Bg5 0-0 10. Qd2 e6 11. Bh6 Nd4 12. Nxd4 cxd4 13. Ne2 e5 14. Bxg7 Kxg7 15. f4 Ng4 16. f5 f6 17. Ng3 Ne3 18. Rf3 b5 19. b3 bxc4 20. dxc4 a5 21. Nf1 Nxf1 22. Raxf1 Rf7 23. h4 Qb7 24. Qd3 a4 25. g4 axb3 26. axb3 Qb4 27. Qc2 Qa3 28. g5 Raf8 29. Qf2 fxg5 30. f6+ Kg8 31. hxg5 Qa8 32. Qc2 Rc8 33. Qd3 Qa5 34. Kg2 Ra8 35. R1f2 Qe1 36. Qe2 Qc1 37. Qd2 Qb1 38. Qc2 Qe1 39. Qe2 Qb4 40. Qd3 Ra1 41. Qd2 Qxd2 42. Rxd2 Re1 43. Ra2 Rxe4 44. Ra8+ Rf8 45. Ra6 Rg4+ 46. Rg3 Rxg3+ 47. Kxg3 Rd8 48. Ra7 e4 49. Rg7+ Kh8 50. Re7 e3 51. Kf3 Rf8 52. Ke4 h6 53. Kxd4 hxg5 54. f7 Kg7 55. Rxe3 Rxf7 56. Kd5 g4 57. Rg3 Rf3 1/2-1/2

[Event "Irkutsk-ch Rating sf"]
[Site "Irkutsk"]
[Date "2008.05.06"]
[Round "6"]
[White "Mjakonkikh, Dmitry"]
[Black "Drapeza, Sergey"]
[Result "1-0"]
[WhiteElo "2177"]
[BlackElo "1720"]
[PlyCount "70"]
[EventDate "2008.05.06"]
[EventType "tourn"]
[EventRounds "15"]
[EventCountry "RUS"]
[SourceTitle "EXT 2022"]
[Source "ChessBase"]
[SourceDate "2021.10.06"]
[SourceVersion "1"]
[SourceVersionDate "2021.10.06"]
[SourceQuality "1"]

1. d4 d5 2. c4 c6 3. Nf3 Nf6 4. Nc3 a6 5. c5 Nbd7 6. Bf4 Nh5 7. Bd2 Nhf6 8. Bf4 Nh5 9. Bg5 Qc7 10. e4 h6 11. Be3 dxe4 12. Nxe4 Nhf6 13. Nxf6+ Nxf6 14. Bc4 e6 15. 0-0 Be7 16. Ne5 Nd5 17. Bd2 Bf6 18. f4 Bd7 19. Qe1 a5 20. Rc1 Bxe5 21. fxe5 Ne7 22. Rc3 Nf5 23. Qe4 0-0-0 24. g4 g6 25. gxf5 gxf5 26. Qf4 Kb8 27. Rff3 Bc8 28. Rg3 Ka8 29. Ra3 b6 30. cxb6 Qxb6 31. Rxa5+ Kb7 32. Rb3 Rhg8+ 33. Kf1 Rg4 34. Rxb6+ Kxb6 35. Qf3 Rgxd4 1-0

[Event "Irkutsk-ch Rating sf"]
[Site "Irkutsk"]
[Date "2008.05.06"]
[Round "2"]
[White "Shigorov, Vitaly"]
[Black "Drapeza, Sergey"]
[Result "1/2-1/2"]
[WhiteElo "1893"]
[BlackElo "1720"]
[PlyCount "75"]
[EventDate "2008.05.06"]
[EventType "tourn"]
[EventRounds "15"]
[EventCountry "RUS"]
[SourceTitle "EXT 2022"]
[Source "ChessBase"]
[SourceDate "2021.10.06"]
[SourceVersion "1"]
[SourceVersionDate "2021.10.06"]
[SourceQuality "1"]

1. Nf3 d5 2. e3 c6 3. d4 Nf6 4. c4 e6 5. Nc3 Bb4 6. Be2 Bxc3+ 7. bxc3 dxc4 8. Bxc4 b5 9. Bd3 Nbd7 10. 0-0 Bb7 11. Ba3 Rc8 12. Rb1 a6 13. Ne5 Nxe5 14. dxe5 Nd5 15. Qd2 Ne7 16. Bxe7 Qxe7 17. Be4 c5 18. Bxb7 Qxb7 19. Qd6 Qc6 20. Qxc6+ Rxc6 21. a4 Rb6 22. c4 b4 23. a5 Rb7 24. Rfd1 Ke7 25. Kf1 Rd8 26. Rxd8 Kxd8 27. Rb3 Rd7 28. Ke2 Ke7 29. f4 f6 30. exf6+ Kxf6 31. g4 h6 32. Rd3 Rxd3 33. Kxd3 g5 34. Ke4 gxf4 35. exf4 Kg6 36. h4 Kf6 37. Kd3 Kg6 38. Ke4 1/2-1/2